MUSCLE ENERGY TECHNIQUES (Record no. 10514)

MARC details
000 -LEADER
fixed length control field 00313nam a22001457a 4500
003 - CONTROL NUMBER IDENTIFIER
control field SGT
082 ## - DEWEY DECIMAL CLASSIFICATION NUMBER
Classification number 617.473
Item number M13C
100 ## - MAIN ENTRY--PERSONAL NAME
Personal name CHAITOW, LEON
245 ## - TITLE STATEMENT
Title MUSCLE ENERGY TECHNIQUES
250 ## - EDITION STATEMENT
Edition statement 4TH
260 ## - PUBLICATION, DISTRIBUTION, ETC. (IMPRINT)
Place of publication, distribution, etc EDINBURGH
Name of publisher, distributor, etc CHURCHILL
Year of Publication 2013
300 ## - PAGE DESCRIPTION
No. of Pages 319
650 ## - SUBJECT ADDED ENTRY--TOPICAL TERM
Topical term or geographic name as entry element PATHOLOGY
942 ## - ADDED ENTRY ELEMENTS (KOHA)
Source of classification or shelving scheme Dewey Decimal Classification
Koha item type Books
942 ## - ADDED ENTRY ELEMENTS (KOHA)
-- 11
Holdings
Withdrawn status Lost status Source of classification or shelving scheme Damaged status Not for loan Collection code Home library Current library Shelving location Date acquired Vendor Name SGTU Bill Number Total Checkouts Full call number Accession No. (Barcode) Date last seen Bill Date Koha item type Date last borrowed
    Dewey Decimal Classification     MEDICAL SGT Medical Library SGT Medical Library Reference Book 19/01/2017 ABC SGTU 6436   617.473 M13C FM7805 19/01/2017 02/01/2016 Books  
    Dewey Decimal Classification     MEDICAL SGT Medical Library SGT Medical Library Reference Book 19/01/2017 ABC SGTU 6436 8 617.473 M13C FM7806 09/04/2024 02/01/2016 Books 26/03/2024
    Dewey Decimal Classification     MEDICAL SGT Medical Library SGT Medical Library Reference Book 19/01/2017 ABC SGTU 6436 11 617.473 M13C FM7807 25/11/2023 02/01/2016 Books 17/11/2023